000 00438nam a2200169Ia 4500
003 GCL
008 140319s9999 xx 000 0 aRus d
040 _aGCL /
_cGCL
082 0 4 _a863
_bP A
100 1 _aPOMBO, ALVARO
245 1 0 _aAPARICION DEL ETERNO FEMENINO /
_cPOMBO, ALVARO
260 _a[S.N] :
_bEDITORIAL ANAGRAMA ،
_c1993
300 _a191
650 0 4 _aSPANISH LITERATURE
650 0 4 _aSPANISH FICTION
942 _2ddc
_cBK
999 _c12929
_d12929